| 000 | 01001nam a2200277Ia 4500 | ||
|---|---|---|---|
| 003 | OSt | ||
| 005 | 20220923211311.0 | ||
| 006 | a|||||r|||| 00| 0 | ||
| 007 | ta | ||
| 008 | 220922b |||||||| |||| 00| 0 hin d | ||
| 020 |
_a9788179756584 (hbk) _c600 |
||
| 024 | _a289,283 | ||
| 037 |
_b1336, 10/03/2016, Kiran Book Service _cTextual |
||
| 040 |
_aARTS _cARTS _bhin |
||
| 041 |
_2hin _ahin |
||
| 082 | _aXM2, 152Q5 | ||
| 100 |
_aमाहेश्वरी, अरूण _9156263 |
||
| 245 | 0 | _aसमाजवाद की समस्याएं | |
| 246 | _aSamājavād kī samasyāean | ||
| 260 |
_aदिल्ली _b अनामिका पब्लिशर्स _c2015 |
||
| 300 |
_a263पृ. _ccm. |
||
| 490 | _aचतुर्दिक श्रृंखला; 1 | ||
| 650 | _aअर्थशास्त्र | ||
| 942 |
_hXM2, 152Q5 _cTEXL _2CC |
||
| 999 |
_c298259 _d298259 |
||